|
|
|
|
| LEADER |
01043nam a2200229 i 4500 |
| 003 |
GR-PaULI |
| 005 |
20220713125230.0 |
| 008 |
201102s2020 gr ||||g |||| 001 0 gre d |
| 952 |
|
|
|0 0
|1 0
|2 ddc
|4 0
|6 R_792_015000000000000_ΠΟΛ
|7 0
|9 244929
|a THST
|b THST
|d 2020-11-02
|i 015554
|l 0
|o R 792.015 ΠΟΛ
|p 025000274806
|r 2020-11-02 00:00:00
|t 1
|w 2020-11-02
|y BKN
|
| 999 |
|
|
|c 147819
|d 147819
|
| 020 |
|
|
|a 9786185162726
|
| 040 |
|
|
|a GR-PaULI
|b gre
|c GR-PaULI
|e AACR2
|
| 082 |
0 |
4 |
|2 23
|a 792.015
|
| 100 |
1 |
|
|9 52089
|a Πολενάκης, Λέανδρος
|d 1945-
|e συγγραφέας
|
| 245 |
1 |
4 |
|a Της γραφής και της σκηνής ΙΙ :
|b θεατρικές κριτικές 2016-2018 /
|c Λέανδρος Πολενάκης.
|
| 260 |
|
|
|a Αθήνα :
|b Εύμαρος,
|c 2020.
|
| 300 |
|
|
|a 235 σ. ;
|c 20 εκ.
|
| 500 |
|
|
|a Περιλαμβάνει ευρετήριο συγγραφέων.
|
| 650 |
|
4 |
|a Θέατρο
|z Ελλάδα
|x Κριτικές.
|9 6599
|
| 830 |
|
0 |
|9 184143
|a Θέατρο (Εύμαρος)
|
| 942 |
|
|
|2 ddc
|c BKN
|
| 998 |
|
|
|c ΜΑΝΙΑ
|d 2020-11
|